000 00721nam a22002177a 4500
003 BD-DhJNU
005 20250902040521.0
008 250902b |||||||| |||| 00| 0 eng d
020 _a8122900135
020 _a8122900143
040 _aBD-DhJNU
_bENG
_cBD-DhJNU
_dBD-DhJNU
082 _223
_a960.2 HAA
100 _aHallett, Robin
245 _aAfrica to 1875 :
_ba modern history /
_cRobin Hallett
260 _aU. S. A. :
_bUniversity of Michigan Press,
_c1970.
300 _a xii, 483, xx p. :
_bill. ;
_c25 cm
490 _3Michigan. University of Michigan history of the modern world ;
504 _aIncludes bibliographical references and index
650 _aAfrica
_xHistory
_zTo 1884
942 _2ddc
_cBK
_n0
999 _c2060
_d2060